Представление документа в формате MARC21

Поле Инд. ПП Название Значение
Тип записи a
Библиографический уровень b
001 Контрольный номер RU/IS/BASE/322764637
005 Дата корректировки 20200601191422.2
008 Кодируемые данные 20100324
040 b Код языка каталог. rus
e Правила каталог. PSBO
041 0_ a Код языка текста rus
084 a Индекс другой классификации/Индекс ББК 65.050.11; 65.050.2(2Рос-4Сах)
100 1_ a Автор Бурыкин А. Н.
q Полное имя Бурыкин Александр Николаевич
245 10 a Заглавие Формирование жизнестратегии региона в переходный период
b Продолж. заглавия (на примере Сахалинской области)
504 a Библиография Библиогр.: с. 158
520 0_ a Аннотация Современная ситуация в России характеризуется переходом от тоталитарных методов управления к демократическим. В связи с таким переходом становится актуальным исследование методов гуманистического управления, прописания стратегии развития региона с позиции комфортности жизни человека
650 14 a Основная рубрика управление экономикой
a Основная рубрика экономика
653 1_ a Ключевые слова государственное управление
a Ключевые слова Дальний Восток
a Ключевые слова региональное управление
a Ключевые слова регионы России
a Ключевые слова Россия
a Ключевые слова Сахалинская область
a Ключевые слова социально-экономическая политика
a Ключевые слова социально-экономическое развитие
a Ключевые слова стратегия развития
773 08 t Заглавие источника Вестник Московского университета. Серия 18, Социология и политология
d Дата издания источника 2009
g Прочая информация № 4. - С. 147 - 158
w Контрольный № источника RU/IS/BASE/317399284
901 t Тип документа b